[Event "Tom Weston Major op"]
[Site "Cardiff"]
[Date "2018.03.30"]
[Round "1"]
[White "Burrows, Mike"]
[Black "Dixon, Chris"]
[Result "1-0"]
[WhiteElo "1544"]
[BlackElo "1808"]
[PlyCount "96"]
[EventDate "2018.03.30"]
[EventType "swiss"]
[EventRounds "7"]
[EventCountry "WLS"]
[SourceTitle "EXT 2020"]
[Source "ChessBase"]
[SourceDate "2019.10.17"]
[SourceVersion "1"]
[SourceVersionDate "2019.10.17"]
[SourceQuality "1"]

1. d4 Nf6 2. c4 g6 3. g3 Bg7 4. Bg2 0-0 5. Nc3 d6 6. Nf3 Nbd7 7. 0-0 e5 8. dxe5 dxe5 9. e4 c6 10. Qc2 Qc7 11. b3 Re8 12. h3 Nf8 13. Be3 Ne6 14. Rfd1 Nh5 15. Rac1 Rf8 16. Qd2 Rd8 17. Qe1 Nd4 18. Kh2 h6 19. Ne2 c5 20. Nc3 Be6 21. Ng1 Kh7 22. Nd5 Bxd5 23. cxd5 Qd6 24. Ne2 b6 25. f3 f5 26. Nxd4 exd4 27. Bf2 fxe4 28. fxe4 Be5 29. Rd3 Rf8 30. Rf3 Rf6 31. Rxf6 Qxf6 32. Rd1 Rf8 33. Rd2 Qd6 34. Rd3 Rf6 35. Rf3 Qf8 36. Qe2 Rxf3 37. Qxf3 Qxf3 38. Bxf3 Nf6 39. Kg2 Ne8 40. Be2 Nd6 41. Kf3 Kg7 42. a4 Nf7 43. h4 Nd6 44. Bd3 Kf6 45. Be1 g5 46. Bd2 gxh4 47. gxh4 Nf7 48. a5 h5 1-0

[Event "Tom Weston Major op"]
[Site "Cardiff"]
[Date "2018.03.30"]
[Round "2"]
[White "Dixon, Chris"]
[Black "White, Sam"]
[Result "1/2-1/2"]
[WhiteElo "1808"]
[BlackElo "1567"]
[PlyCount "61"]
[EventDate "2018.03.30"]
[EventType "swiss"]
[EventRounds "7"]
[EventCountry "WLS"]
[SourceTitle "EXT 2020"]
[Source "ChessBase"]
[SourceDate "2019.10.17"]
[SourceVersion "1"]
[SourceVersionDate "2019.10.17"]
[SourceQuality "1"]

1. e4 e5 2. Nc3 Nf6 3. f4 d6 4. Nf3 Nbd7 5. Bc4 h6 6. d3 Be7 7. Be3 c6 8. Qd2 Ng4 9. 0-0-0 Nxe3 10. Qxe3 exf4 11. Qxf4 Nf6 12. Kb1 0-0 13. d4 Ng4 14. Rde1 Nf6 15. Rhf1 Be6 16. d5 Bd7 17. Nd4 a6 18. Nf5 Bxf5 19. Qxf5 b5 20. Be2 b4 21. Nd1 c5 22. Ne3 g6 23. Qf3 Nd7 24. Nc4 Ne5 25. Nxe5 dxe5 26. Bc4 Qd7 27. g4 Bg5 28. Re2 Bf4 29. Rg2 a5 30. Qf2 a4 31. h4 1/2-1/2

[Event "BCF-chT3Sa 1718 (4NCL)"]
[Site "England"]
[Date "2018.02.11"]
[Round "6.45"]
[White "Walker, Nicholas P"]
[Black "Dixon, Chris"]
[Result "1-0"]
[WhiteElo "2121"]
[BlackElo "1814"]
[PlyCount "133"]
[EventDate "2017.11.11"]
[EventType "team-tourn"]
[EventRounds "11"]
[EventCountry "ENG"]
[SourceTitle "EXT 2020"]
[Source "ChessBase"]
[SourceDate "2019.10.17"]
[SourceVersion "1"]
[SourceVersionDate "2019.10.17"]
[SourceQuality "1"]
[WhiteTeam "Hackney"]
[BlackTeam "The Full Ponty"]
[WhiteTeamCountry "ENG"]
[BlackTeamCountry "WLS"]

1. Nf3 Nf6 2. b3 g6 3. Bb2 d6 4. e4 Bg7 5. g3 0-0 6. Qe2 e5 7. Bg2 Nc6 8. 0-0 Bg4 9. h3 Bxf3 10. Qxf3 Qe7 11. Na3 a6 12. c3 Rad8 13. Nc2 Rfe8 14. Ne3 Qd7 15. Rad1 Qc8 16. Rfe1 Nb8 17. Ng4 Nxg4 18. hxg4 c5 19. g5 Nc6 20. Kh2 Qe6 21. Qe3 Qe7 22. f4 h6 23. gxh6 Bxh6 24. Qf2 Qf6 25. Rf1 g5 26. fxg5 Qxf2 27. Rxf2 Bxg5 28. Rf5 f6 29. d4 Kg7 30. d5 Ne7 31. Rf3 Rh8+ 32. Kg1 Rh6 33. a4 b6 34. Kf2 Rhh8 35. Kg1 Ra8 36. Bc1 Bxc1 37. Rxc1 Raf8 38. b4 a5 39. bxc5 bxc5 40. Rb1 Rb8 41. Rff1 Rhc8 42. Bh3 Rh8 43. Be6 c4 44. Rb5 Rxb5 45. axb5 Rb8 46. Rb1 Nc8 47. Bxc8 Rxc8 48. Ra1 Kg6 49. Kf2 Kg5 50. Rxa5 Rc5 51. Kf3 f5 52. Ra4 fxe4+ 53. Kxe4 Rxb5 54. Rxc4 Rb1 55. Rc6 Re1+ 56. Kd3 Rg1 57. Rxd6 Rxg3+ 58. Kd2 e4 59. c4 Kf4 60. Re6 Rd3+ 61. Kc2 Ke3 62. d6 Rd4 63. Kc3 Rd3+ 64. Kb4 Kf3 65. c5 e3 66. c6 e2 67. Rxe2 1-0

[Event "South Wales Autumn op"]
[Site "Pencoed"]
[Date "2017.10.15"]
[Round "4"]
[White "Dixon, Chris"]
[Black "Toczek, Grzegorz"]
[Result "0-1"]
[WhiteElo "1805"]
[BlackElo "2258"]
[PlyCount "74"]
[EventDate "2017.10.13"]
[EventType "swiss"]
[EventRounds "5"]
[EventCountry "WLS"]
[SourceTitle "EXT 2020"]
[Source "ChessBase"]
[SourceDate "2019.10.17"]
[SourceVersion "1"]
[SourceVersionDate "2019.10.17"]
[SourceQuality "1"]

1. Nf3 Nf6 2. g3 g6 3. Bg2 Bg7 4. 0-0 0-0 5. d3 c5 6. e4 d6 7. Re1 e5 8. c3 Nc6 9. a3 Rb8 10. b4 b5 11. h3 a5 12. bxc5 dxc5 13. Qc2 Ba6 14. Rd1 Qe7 15. Bg5 h6 16. Be3 Rfc8 17. Nbd2 Nd7 18. a4 Nd4 19. Bxd4 cxd4 20. c4 bxc4 21. dxc4 Rb4 22. Bf1 Nc5 23. Rdb1 Rcb8 24. Rxb4 Rxb4 25. Ne1 Qb7 26. Nd3 Nxd3 27. Bxd3 Rb2 28. Qc1 Qb4 29. Nf1 Bf8 30. Nh2 h5 31. g4 Rb3 32. Qf1 Qd2 33. Rd1 Qg5 34. Nf3 Qf4 35. Qg2 Rxd3 36. Rxd3 Bxc4 37. Rd1 Be2 0-1

[Event "South Wales Autumn op"]
[Site "Pencoed"]
[Date "2017.10.13"]
[Round "1"]
[White "Dixon, Chris"]
[Black "Young, Alan J"]
[Result "1/2-1/2"]
[WhiteElo "1805"]
[BlackElo "2044"]
[PlyCount "50"]
[EventDate "2017.10.13"]
[EventType "swiss"]
[EventRounds "5"]
[EventCountry "WLS"]
[SourceTitle "EXT 2020"]
[Source "ChessBase"]
[SourceDate "2019.10.17"]
[SourceVersion "1"]
[SourceVersionDate "2019.10.17"]
[SourceQuality "1"]

1. d4 d5 2. Nc3 Nf6 3. Bf4 Bf5 4. e3 c6 5. f3 e6 6. g4 Bg6 7. h4 h6 8. Bd3 Bxd3 9. Qxd3 Bd6 10. Nge2 Qc7 11. 0-0-0 Nbd7 12. Bxd6 Qxd6 13. e4 dxe4 14. Nxe4 Nxe4 15. fxe4 0-0-0 16. Kb1 Qc7 17. Qa3 Kb8 18. Qf3 f6 19. h5 Rhe8 20. Nc3 Ka8 21. Qe2 Nb6 22. Rhe1 Qe7 23. a3 Rd7 24. Rd2 Red8 25. Red1 Kb8 1/2-1/2

[Event "WLS-ch Seniors"]
[Site "Penarth"]
[Date "2017.09.03"]
[Round "4"]
[White "Dixon, Chris"]
[Black "Greatorex, Roger"]
[Result "1/2-1/2"]
[WhiteElo "1812"]
[BlackElo "1733"]
[PlyCount "45"]
[EventDate "2017.09.01"]
[EventType "swiss"]
[EventRounds "5"]
[EventCountry "WLS"]
[SourceTitle "EXT 2019"]
[Source "ChessBase"]
[SourceDate "2018.10.10"]
[SourceVersion "1"]
[SourceVersionDate "2018.10.10"]
[SourceQuality "1"]

1. Nf3 d5 2. g3 c5 3. Bg2 Nc6 4. 0-0 e5 5. d3 Be7 6. Nbd2 Nf6 7. e4 0-0 8. a4 Rb8 9. Re1 dxe4 10. dxe4 Qc7 11. Nc4 Bg4 12. c3 Rbd8 13. Qc2 h6 14. Ne3 Be6 15. Nh4 c4 16. Nef5 Bc5 17. Be3 Bxe3 18. Nxe3 Na5 19. Nhf5 Nb3 20. Rad1 Qc5 21. Rxd8 Rxd8 22. Rd1 Rxd1+ 23. Qxd1 1/2-1/2